NBA All-Stars By Letter - J - Statistics

General Stats
  • This quiz has been taken 1,272 times
    93 since last reset
  • The average score is 20 of 23
Answer Stats
Players Selections Last Teams % Correct
LeBron James 22 2026 Cavaliers, Heat, Lakers
99%
DeAndre Jordan 1 2017 Clippers
96%
Michael Jordan 14 2003 Bulls, Wizards
96%
Jaren Jackson Jr. 2 2025 Grizzlies
95%
Dennis Johnson 5 1985 SuperSonics, Suns, Celtics
94%
Eddie Johnson 2 1981 Hawks
94%
Gus Johnson 5 1971 Bullets
94%
Jalen Johnson 1 2026 Hawks
94%
Joe Johnson 7 2014 Hawks, Nets
94%
John Johnson 2 1972 Cavaliers
94%
Kevin Johnson 3 1994 Suns
94%
Larry Johnson 2 1995 Hornets
94%
Magic Johnson 12 1992 Lakers
94%
Marques Johnson 5 1986 Bucks, Clippers
94%
Steve Johnson 1 1988 Trail Blazers
94%
Luke Jackson 1 1965 76ers
93%
Mark Jackson 1 1989 Knicks
93%
Nikola Jokić 8 2026 Nuggets
93%
Bobby Jones 4 1982 Nuggets, 76ers
65%
Eddie Jones 3 2000 Lakers, Hornets
65%
Sam Jones 5 1968 Celtics
65%
Antawn Jamison 1 2008 Wizards
45%
Neil Johnston 6 1958 Warriors
25%
No matching quizzes found
Score Distribution
Percent of People with Each Score
Percentile by Number Answered
Your Score History
You have not taken this quiz since the last reset